Risk Italia

Detalles Bibliográficos
Formato: Electrónico Revista
Lenguaje:italiano
Publicado: London : Incisive Media Plc
Materias:
Acceso en línea:Full text available from Research Library: 01/01/2009 to 10/31/2011

MARC

LEADER 00000nas a2200000 i 4500
001 ssj0001077883
003 WaSeSS
005 20200512172242.0
006 m d
007 cr n
008 140107u20uuuuuuenkt| p|s|||||| |0ita d
035 |a (WaSeSS)ssj0001077883 
040 |a WaSeSS  |b eng  |c WaSeSS  |d WaSeSS 
043 |a e-it--- 
050 1 4 |a KKH962 
245 0 0 |a Risk Italia  |h [electronic resource]. 
260 |a London :  |b Incisive Media Plc 
310 |a Three times a year 
506 |a License restrictions may limit access. 
588 |a Description based on: Inverno 2009; title from article pdf (ProQuest, viewed Jan. 7, 2014). 
588 |a Latest issue consulted: Autunno 2011 (viewed Jan. 7, 2014). 
650 0 |a Securities  |z Italy  |v Periodicals. 
650 0 |a Risk management  |z Italy  |v Periodicals. 
650 0 |a Venture capital  |z Italy  |v Periodicals. 
655 0 |a Electronic journals. 
856 4 0 |z Full text available from Research Library: 01/01/2009 to 10/31/2011  |u https://search.proquest.com/publication/54888